000 00427nam a2200181Ia 4500
001 4656
005 20260306145812.0
008 260306t2011||||xx |||||||||||||| ||spa||
041 _aESP
082 _a330
_bC47
100 _aCepeda González, Isabel
_eAUT
245 0 _aEconomía para ingenieros
260 _c2011
300 _axix, 400 páginas :
_c24 cm.
650 _aGEN
654 _aCAN
942 _cLIB
_dJUS
_fJUS
_2ddc
_n
999 _c4656
_d4656